60's TV Shows By Characters - Statistics

General Stats
  • This quiz has been taken 973 times
    704 since last reset
  • The average score is 16 of 25
Answer Stats
Hint Answer % Correct
Morticia, Gomez, Pugsley The Addams Family
96%
Samantha, Dr. Bombay, Tabitha Bewitched
88%
Granny, Jethro, Jed The Beverly Hillbillies
85%
Ginger, Mary Ann, Lovey Gilligan's Island
82%
Davy, Peter, Mickey, Mike The Monkees
81%
Ben, Adam, Hoss Bonanza
80%
Lily, Eddie, Grandpa The Munsters
80%
Maxwell, Agent 99, Thaddeus Get Smart
79%
Bones, Uhura, Sulu Star Trek
79%
Lumpy, Wally, June Leave It To Beaver
75%
Floyd, Barney, Aunt Bee The Andy Griffith Show
73%
Kitty, Festus, Matt Gunsmoke
70%
Judy, Will, Dr. Smith Lost In Space
66%
Robbie, Chip, Uncle Charley My Three Sons
65%
Oliver, Lisa, Mr. Haney Green Acres
64%
Schultz, Newkirk, LeBeau Hogan's Heroes
60%
Kate, Uncle Joe, Sam Drucker Petticoat Junction
60%
Cissy, Buffy, Mr. French Family Affair
57%
Jonathan Steele, Emma Peel, Tara King The Avengers
55%
Pete, Julie, Linc The Mod Squad
55%
Artemus Gordon, James T. West The Wild Wild West
50%
Buddy, Sally, Ritchie The Dick Van Dyke Show
48%
Agarn, Wrangler Jane, Sgt. O'Rourke F Troop
41%
Elroy Carpenter, "Old Lead Bottom," Quinton McHale's Navy
20%
Porter, Sandy, Bud Flipper
19%
No matching quizzes found
Score Distribution
Percent of People with Each Score
Percentile by Number Answered
Your Score History
You have not taken this quiz since the last reset